Ekonomické vztahy Východ - Západ

Gespeichert in:
Bibliographische Detailangaben
1. Verfasser: Oulehla, Osdvald
Format: Buch
Sprache:Tschechisch
Veröffentlicht: Praha Ústředí vědeckých, technických a ekonomických informací 1985
Tags: Tag hinzufügen
Keine Tags, Fügen Sie das erste Tag hinzu!

MARC

LEADER 00000nam a2200000 4500
001 c036422
005 20251111094309.2
041 0 |a cze 
044 |a CZ 
245 1 0 |a Ekonomické vztahy Východ - Západ  |c Osdvald Oulehla 
264 1 |a Praha  |b Ústředí vědeckých, technických a ekonomických informací  |c 1985 
300 |a 101 s. 
100 1 |a Oulehla, Osdvald